College Quizbowl Stats
College Quizbowl Stats
Circuits
Seasons
Sets
Records
Detailed Stats
About
Loading...
2024 ACF Winter at Brandeis
Tossups
Bonuses
Players
Teams
Categories (Tossup)
Categories (Bonus)
Douglas Lilly
Tufts B
Categories
Category
Powers
Gets
Negs
BBs
Points
Earliest Buzz
Avg. Buzz
First Buzzes
Top 3 Buzzes
BPA
PVF
Fine Arts - Other
0
1
0
0
10
69
69.00
1
1
0.00
0.00
History - American
0
1
0
1
10
110
110.00
0
0
0.00
0.00
Literature - British
0
1
0
0
10
119
119.00
0
0
0.00
0.00
Science - Physics
0
1
0
1
10
58
58.00
0
1
0.00
0.00
Buzzes
Category
Answer
Value
Buzz Position
Science - Physics
resistors
10
58
Fine Arts - Other
zombies
10
69
History - American
Massachusetts
10
110
Literature - British
Macbeth
10
119
Previous
1
Next